000 00577nam a2200181 4500
999 _c510811
_d510811
008 190902b ||||| |||| 00| 0 eng d
100 _aHunt, Jennifer
_99391
245 _aHow restricted is the job mobility of skilled temporary work visa holders?
260 _c2019
300 _ap.41-64.
650 _aJob mobility - United States
_99392
650 _aSkilled workers - United States
_99393
650 _aWork visa
_99394
700 _aXie, Bin
_99395
773 _aJournal of Policy Analysis and Management
906 _aEmployment - United States
942 _2ddc
_cAR